Kraje biorące udział na Eurowizji Junior 2021 - Statystyki

Ogólne statystyki
  • Ten quiz został rozwiązany 111 razy
  • Średni wynik to 16 z 19
Statystyki odpowiedzi
Hint Odpowiedź % Poprawnych
14 Polska
98%
2 Armenia
92%
13 Niemcy
90%
5 Francja
89%
16 Rosja
88%
18 Ukraina
87%
7 Hiszpania
86%
6 Gruzja
85%
15 Portugalia
85%
19 Włochy
85%
8 Holandia
81%
1 Albania
80%
3 Azerbejdżan
76%
9 Irlandia
76%
12 Malta
76%
11 Macedonia Północna
73%
17 Serbia
73%
4 Bułgaria
70%
10 Kazachstan
66%
Nie znaleziono quizów pasujących do podanych kryteriów
Rozkład punktacji
Procent ludzi z każdym wynikiem
Percentyl według liczby udzielonych odpowiedzi
Twoja historia wyników
Nie rozwiązałeś tego quizu